000 00491nam a22001817a 4500
003 NUST - PNEC
005 20170116181135.0
008 151007b xxu||||| |||| 00| 0 eng d
020 _a8120330560
040 _cLIBRARY
082 _a658.56205 MUK
100 _914195
_aMukherjee, P.N.
245 _aTotal quality management
_cP.N. Mukherjee
260 _aNew Delhi:
_bPrentice-Hall of India,
_c2006
300 _a418 p.:
650 _914197
_aQuality management
_xIME
942 _2ddc
_cBK
999 _c70163
_d70163